[Event "14. Lichtenberger Sommer"]
[Site "14. Lichtenberger Sommer"]
[Date "2015.08.15"]
[Round "1.51"]
[White "Wörz, Markus"]
[Black "Janse, Sebastaan"]
[Result "1/2-1/2"]
[WhiteElo "2065"]
[BlackElo "1725"]
[PlyCount "65"]
[EventDate "2015.??.??"]
[WhiteTeam "SC Kreuzberg"]
[BlackTeam "SSV Klim-Op"]

1. e4 e5 2. Nf3 Nc6 3. Bb5 a6 4. Ba4 Nf6 5. O-O Be7 6. Re1 b5 7. Bb3 d6 8. c3
Na5 9. Bc2 c5 10. d3 O-O 11. Nbd2 Re8 12. Nf1 Bf8 13. Bd2 g6 14. a4 Bb7 15. Ng3
Bg7 16. h3 Qc7 17. b4 cxb4 18. cxb4 Nc6 19. axb5 axb5 20. Bb3 Rec8 21. Rxa8
Rxa8 22. Qb1 h6 23. Rc1 Qd7 24. Bc3 Nh7 25. Qb2 Ng5 26. Nxg5 hxg5 27. Nf1 Nd8
28. Ne3 Ne6 29. Bd2 Ra6 30. Nd5 Bxd5 31. Bxd5 f5 32. exf5 e4 33. Qc2 1/2-1/2

[Event "14. Lichtenberger Sommer"]
[Site "14. Lichtenberger Sommer"]
[Date "2015.08.15"]
[Round "1.52"]
[White "Bullig, Reinhard"]
[Black "Osipenko, Pavel"]
[Result "0-1"]
[WhiteElo "1772"]
[BlackElo "2042"]
[PlyCount "70"]
[EventDate "2015.??.??"]
[WhiteTeam "SF 1903 Berlin"]
[BlackTeam "Oryol"]

1. c4 Nf6 2. Nc3 c5 3. g3 g6 4. Bg2 Bg7 5. Nf3 O-O 6. O-O Nc6 7. d3 d5 8. cxd5
Nxd5 9. Nxd5 Qxd5 10. Nd2 Qd7 11. Ne4 b6 12. Rb1 Bb7 13. a3 Rad8 14. Bd2 c4 15.
Re1 cxd3 16. e3 Ne5 17. Bc3 f5 18. Nd2 Nc6 19. Qb3+ Kh8 20. Bxg7+ Kxg7 21. Qc3+
Rf6 22. Nf3 Kg8 23. Red1 Rd6 24. Rd2 Rc8 25. Qb3+ Kg7 26. Qc3+ Nd4 27. Ne5 Qe6
28. Qxd4 Rxd4 29. exd4 Bxg2 30. Kxg2 Qd5+ 31. Nf3 Rc2 32. Rxd3 e5 33. Rc3 Rxc3
34. bxc3 exd4 35. cxd4 g5 0-1

[Event "14. Lichtenberger Sommer"]
[Site "14. Lichtenberger Sommer"]
[Date "2015.08.15"]
[Round "1.53"]
[White "Rodmacq, Clement"]
[Black "Völler, Lothar"]
[Result "1-0"]
[WhiteElo "2039"]
[BlackElo "1789"]
[PlyCount "43"]
[EventDate "2015.??.??"]
[WhiteTeam "La Diagonale - Eybens"]
[BlackTeam "FS Dortmund"]

1. e4 c5 2. Nc3 g6 3. f4 Bg7 4. Nf3 Nc6 5. Bb5 a6 6. Bxc6 bxc6 7. O-O Nf6 8. d3
O-O 9. Qe1 e6 10. Qh4 Nh5 11. e5 Qxh4 12. Nxh4 g5 13. fxg5 Bxe5 14. g4 Ng7 15.
Nf3 Bc7 16. Ne4 d6 17. Bd2 e5 18. Nh4 Be6 19. Rf3 Bd5 20. Nf6+ Kh8 21. Rh3 c4
22. Ng6+ 1-0

[Event "14. Lichtenberger Sommer"]
[Site "14. Lichtenberger Sommer"]
[Date "2015.08.15"]
[Round "1.54"]
[White "Weiß, Daniel"]
[Black "Farnault, Eric"]
[Result "1/2-1/2"]
[WhiteElo "1741"]
[BlackElo "2032"]
[PlyCount "87"]
[EventDate "2015.??.??"]
[WhiteTeam "SF Nordost Berlin"]
[BlackTeam "La Diagonale - Eybens"]

1. d4 d5 2. Nf3 c5 3. c3 Nc6 4. Bf4 cxd4 5. cxd4 Qb6 6. Nc3 Nf6 7. Na4 Qb4+ 8.
Bd2 Qd6 9. e3 Bg4 10. Be2 e6 11. Nc5 Qc7 12. b4 a6 13. h3 Bh5 14. g4 Bg6 15.
Rc1 Bd6 16. Nh4 Be4 17. Bf3 Qe7 18. g5 Bxf3 19. Qxf3 Ne4 20. Nxe4 dxe4 21. Qxe4
Nxb4 22. a3 Nd5 23. Nf5 exf5 24. Qxd5 O-O 25. Qxf5 Bxa3 26. Rc4 b5 27. Rc6 Bb4
28. h4 Rad8 29. Bxb4 Qxb4+ 30. Ke2 Qb3 31. Rhc1 a5 32. R1c5 g6 33. Rxb5 Qa4 34.
Qc5 Rfe8 35. Rxa5 Qxd4 36. Qxd4 Rxd4 37. h5 gxh5 38. Rh6 Rh4 39. Rf5 Kg7 40.
Rhf6 Re7 41. Kf1 Rg4 42. Rh6 Rxg5 43. Rxh5 Rxf5 44. Rxf5 1/2-1/2

[Event "14. Lichtenberger Sommer"]
[Site "14. Lichtenberger Sommer"]
[Date "2015.08.15"]
[Round "1.55"]
[White "Donath, Johann"]
[Black "Bollenbach, Horst"]
[Result "1-0"]
[WhiteElo "2060"]
[BlackElo "1736"]
[PlyCount "81"]
[EventDate "2015.??.??"]
[WhiteTeam "BSV 63 Chemie Weißensee"]
[BlackTeam "SC Friesen Lichtenberg"]

1. e4 c5 2. c3 Nc6 3. d4 cxd4 4. cxd4 d5 5. exd5 Qxd5 6. Nf3 e6 7. Nc3 Bb4 8.
Bd3 Nf6 9. O-O Bxc3 10. bxc3 O-O 11. Re1 Qh5 12. Qc2 h6 13. Ne5 Nd7 14. Be2 Qf5
15. Qxf5 exf5 16. Nxc6 bxc6 17. Bf3 Bb7 18. Ba3 Rfe8 19. Reb1 Nb6 20. Bc5 Rab8
21. Bxb6 axb6 22. Rxb6 Ba8 23. Bxc6 Bxc6 24. Rxc6 Re2 25. d5 Rxa2 26. Re1 Rbb2
27. Rc8+ Kh7 28. Rf1 Rd2 29. c4 Rac2 30. Rc6 g5 31. h4 f4 32. hxg5 hxg5 33. d6
g4 34. c5 g3 35. Rc7 Kg7 36. d7 f3 37. gxf3 gxf2+ 38. Kg2 Kf6 39. c6 Rd6 40.
Rc8 Kf5 41. Rg8 1-0

[Event "14. Lichtenberger Sommer"]
[Site "14. Lichtenberger Sommer"]
[Date "2015.08.15"]
[Round "1.56"]
[White "Pöltelt, Helmut"]
[Black "Segerberg, Tomas"]
[Result "0-1"]
[WhiteElo "1752"]
[BlackElo "2073"]
[PlyCount "63"]
[EventDate "2015.??.??"]
[WhiteTeam "SC Eintracht Berlin"]
[BlackTeam "Narva Berlin"]

1. e4 e6 2. d4 d5 3. Nd2 Nf6 4. e5 Nfd7 5. Bb5 c6 6. Ba4 c5 7. c3 cxd4 8. cxd4
Nc6 9. Ne2 f6 10. Bxc6 bxc6 11. Nf4 Qe7 12. Qh5+ Qf7 13. Qxf7+ Kxf7 14. exf6
gxf6 15. O-O Bd6 16. Nf3 Rg8 17. h3 e5 18. dxe5 fxe5 19. Nh5 Nc5 20. Ng5+ Rxg5
21. Bxg5 Kg6 22. f4 Kxh5 23. g4+ Kg6 24. fxe5 Bxe5 25. Be7 Ne4 26. Rf8 Bg7 27.
Rf3 Bxb2 28. Rd1 Be6 29. Rb3 Be5 30. Rc1 c5 31. Bxc5 Nxc5 32. Rxc5 0-1

[Event "14. Lichtenberger Sommer"]
[Site "14. Lichtenberger Sommer"]
[Date "2015.08.15"]
[Round "1.57"]
[White "Guenther, Thomas"]
[Black "Reck, Jessica"]
[Result "1-0"]
[WhiteElo "2081"]
[BlackElo "1655"]
[PlyCount "107"]
[EventDate "2015.??.??"]
[WhiteTeam "SV Senat (FV Schach)"]
[BlackTeam "VfB Hermsdorf"]

1. d4 Nf6 2. Nf3 g6 3. c4 Bg7 4. Nc3 O-O 5. e4 d6 6. Be2 Nbd7 7. O-O e5 8. Re1
h6 9. Bf1 Nh5 10. d5 a5 11. Be3 Nc5 12. h3 Kh7 13. a3 Nf4 14. b4 axb4 15. axb4
Rxa1 16. Qxa1 Ncd3 17. Rb1 f5 18. Qa3 c5 19. bxc5 Nxc5 20. Bxc5 dxc5 21. Qxc5
fxe4 22. Nxe4 Nxh3+ 23. gxh3 Rxf3 24. Bg2 Rf7 25. Rb6 Rc7 26. Qd6 Qxd6 27. Nxd6
h5 28. Be4 Bxh3 29. Bxg6+ Kg8 30. Rxb7 Rxb7 31. Nxb7 h4 32. c5 Bf6 33. f3 Kf8
34. Kh2 Bc8 35. c6 e4 36. fxe4 Be5+ 37. Kh1 Ke7 38. Nc5 Kd6 39. Nd3 Bg3 40. Kg2
Ba6 41. Nf2 Bc8 42. Bh5 Ke5 43. Nh1 Bf4 44. Kf3 h3 45. Nf2 Bg5 46. Bg4 Ba6 47.
Bxh3 Kd6 48. Nd1 Bc1 49. Ne3 Bb2 50. Bd7 Bf6 51. Nf5+ Kc7 52. d6+ Kd8 53. Be6
Ke8 54. c7 1-0

[Event "14. Lichtenberger Sommer"]
[Site "14. Lichtenberger Sommer"]
[Date "2015.08.15"]
[Round "1.58"]
[White "Günther, Boris"]
[Black "Wirth, Heinz"]
[Result "0-1"]
[WhiteElo "1626"]
[BlackElo "2021"]
[PlyCount "96"]
[EventDate "2015.??.??"]
[WhiteTeam "SF Friedrichshagen"]
[BlackTeam "SC Weisse Dame (Berlin)"]

1. d4 Nf6 2. c4 g6 3. Nc3 d5 4. cxd5 Nxd5 5. e4 Nxc3 6. bxc3 Bg7 7. Be3 c5 8.
Bb5+ Nc6 9. Ne2 Qa5 10. Qa4 Qxa4 11. Bxa4 O-O 12. Rd1 Na5 13. O-O Nc4 14. Bc1
cxd4 15. cxd4 Rd8 16. Bb3 b5 17. Bxc4 bxc4 18. Ba3 Rd7 19. Bc5 Ba6 20. Nc3 e6
21. a4 Rad8 22. e5 Bf8 23. Ne4 Rc7 24. Bxf8 Kxf8 25. Nc5 Bb7 26. Rb1 Bc6 27.
Rfd1 Bd5 28. f4 Ke7 29. Kf2 h5 30. h4 Rcc8 31. g3 Rb8 32. Ke3 a5 33. Kd2 Rb4
34. Kc3 Rdb8 35. Ra1 Rb2 36. Rd2 Rxd2 37. Kxd2 Rb2+ 38. Kc1 Rg2 39. Ra3 Kd8 40.
Kd1 Kc7 41. Ke1 Rb2 42. Kd1 Kc6 43. Ke1 Bg2 44. Kd1 Kd5 45. Kc1 Rf2 46. Nb7
Kxd4 47. Nxa5 Bd5 48. Kb1 Kc5 0-1

[Event "14. Lichtenberger Sommer"]
[Site "14. Lichtenberger Sommer"]
[Date "2015.08.15"]
[Round "1.59"]
[White "Hoffmann, Andreas"]
[Black "Hesselbarth, Karlheinz"]
[Result "1-0"]
[WhiteElo "2015"]
[BlackElo "1732"]
[PlyCount "49"]
[EventDate "2015.??.??"]
[WhiteTeam "Thales (FV Schach)"]
[BlackTeam "SC Zugzwang 95 (Berlin)"]

1. c4 Nf6 2. Nc3 c5 3. e4 d6 4. g3 g6 5. Bg2 Bg7 6. Nge2 Nc6 7. d3 O-O 8. O-O
a6 9. h3 Qc7 10. Be3 Bd7 11. Qd2 Rab8 12. Bh6 b5 13. Bxg7 Kxg7 14. Rae1 bxc4
15. dxc4 Rb4 16. b3 e6 17. Rd1 Ne8 18. f4 f6 19. f5 Nd8 20. fxe6 Bxe6 21. Nf4
Qd7 22. Nd3 Rb7 23. e5 Nc6 24. exd6 Qxd6 25. Nf4 1-0

[Event "14. Lichtenberger Sommer"]
[Site "14. Lichtenberger Sommer"]
[Date "2015.08.15"]
[Round "1.60"]
[White "Schröder, Ralf"]
[Black "Federau, Jürgen"]
[Result "0-1"]
[WhiteElo "1672"]
[BlackElo "2121"]
[PlyCount "54"]
[EventDate "2015.??.??"]
[WhiteTeam "Potsdamer SV Mitte e.V."]
[BlackTeam "SC Kreuzberg e.V."]

1. b4 Nf6 2. Bb2 e6 3. b5 a6 4. a4 axb5 5. axb5 Rxa1 6. Bxa1 d5 7. e3 Be7 8.
Nf3 O-O 9. c4 c5 10. Qa4 Nbd7 11. Be2 Nb6 12. Qa2 Nxc4 13. Bxc4 dxc4 14. Qxc4
b6 15. d4 Bb7 16. dxc5 bxc5 17. Nbd2 Bd5 18. Qc3 Qb6 19. e4 Ba8 20. Qc4 Rb8 21.
Be5 Rc8 22. O-O Nd7 23. Bd4 Rb8 24. Ne5 Nf6 25. Nc6 Bxc6 26. bxc6 cxd4 27. c7
Rc8 0-1

[Event "14. Lichtenberger Sommer"]
[Site "14. Lichtenberger Sommer"]
[Date "2015.08.15"]
[Round "1.61"]
[White "Niechotz, Christopher"]
[Black "Prix, Siegfried"]
[Result "1-0"]
[WhiteElo "2120"]
[BlackElo "1715"]
[PlyCount "63"]
[EventDate "2015.??.??"]
[WhiteTeam "SC Kreuzberg"]
[BlackTeam "SF 1903 Berlin"]

1. c4 e5 2. g3 Nf6 3. Bg2 d5 4. cxd5 Nxd5 5. Nc3 Nb6 6. Nf3 Nc6 7. O-O Be7 8.
d3 O-O 9. a3 Be6 10. b4 a6 11. Ne4 Qd7 12. Be3 Nd5 13. Bc5 Rad8 14. Rc1 Rfe8
15. Re1 Nf6 16. Bxe7 Qxe7 17. Nxf6+ Qxf6 18. Nd2 Bd5 19. Bxd5 Rxd5 20. Qb3 Red8
21. Ne4 Qf5 22. Qc3 a5 23. Nc5 axb4 24. axb4 Qc8 25. Nxb7 Qxb7 26. Qxc6 Qxb4
27. Qxc7 Qb2 28. Rc2 Qa3 29. Rb1 Qd6 30. Rb7 Qf6 31. Rc6 Qg5 32. Qxf7+ 1-0

[Event "14. Lichtenberger Sommer"]
[Site "14. Lichtenberger Sommer"]
[Date "2015.08.15"]
[Round "1.63"]
[White "Schmidt, Markus"]
[Black "Ollek, Karl-Heinz"]
[Result "1-0"]
[WhiteElo "2108"]
[BlackElo "1726"]
[PlyCount "79"]
[EventDate "2015.??.??"]
[WhiteTeam "SK Turm Bad Hersfeld"]
[BlackTeam "SC Friesen Lichtenberg"]

1. e4 g6 2. d4 d6 3. Nc3 Bg7 4. Nf3 Nf6 5. Be3 O-O 6. Qd2 Bg4 7. O-O-O Nc6 8.
h3 Bxf3 9. gxf3 e5 10. d5 Nd4 11. Bg2 c5 12. f4 Qa5 13. fxe5 dxe5 14. Kb1 b5
15. Ne2 Qxd2 16. Rxd2 b4 17. c3 Nxe2 18. Rxe2 bxc3 19. bxc3 Rfb8+ 20. Rb2 Bf8
21. Rxb8 Rxb8+ 22. Kc2 Nd7 23. Rb1 Rxb1 24. Kxb1 f5 25. f3 f4 26. Bf2 g5 27.
Kc2 Bd6 28. Bf1 Kf7 29. Kb3 Nb6 30. Ba6 Ke7 31. a4 Na8 32. Kc4 Nb6+ 33. Kb5 Nd7
34. a5 h5 35. Bc8 Nf6 36. Ka6 Kd8 37. Be6 Kc7 38. Kxa7 Nh7 39. Ka6 Nf8 40. Bf5
1-0

[Event "14. Lichtenberger Sommer"]
[Site "14. Lichtenberger Sommer"]
[Date "2015.08.15"]
[Round "1.65"]
[White "Hahlbohm, Matthias"]
[Black "Matitschka, Johannes"]
[Result "1/2-1/2"]
[WhiteElo "2069"]
[BlackElo "1542"]
[PlyCount "34"]
[EventDate "2015.??.??"]
[WhiteTeam "TSG Oberschöneweide"]
[BlackTeam "TSG Oberschöneweide"]

1. e4 e5 2. Nf3 Nc6 3. Bc4 d6 4. c3 Bg4 5. O-O Nf6 6. Qb3 Qd7 7. Ng5 d5 8. Bxd5
Nxd5 9. Qxd5 Qxd5 10. exd5 Ne7 11. Re1 f6 12. Ne6 Nxd5 13. Nxf8 Kxf8 14. Na3
Kf7 15. d4 exd4 16. cxd4 Rhe8 17. Bd2 Re2 1/2-1/2

[Event "14. Lichtenberger Sommer"]
[Site "14. Lichtenberger Sommer"]
[Date "2015.08.15"]
[Round "1.66"]
[White "Schröder, Wolfgang"]
[Black "Zschäbitz, Klaus"]
[Result "0-1"]
[WhiteElo "1722"]
[BlackElo "2061"]
[PlyCount "88"]
[EventDate "2015.??.??"]
[WhiteTeam "SSV Rotation Berlin"]
[BlackTeam "Berliner SchGes Eckbauer"]

1. d4 e6 2. c4 Nf6 3. Nf3 b6 4. Nc3 Bb4 5. Bg5 Bb7 6. e3 h6 7. Bxf6 Bxc3+ 8.
bxc3 Qxf6 9. Be2 d6 10. Qb3 Nd7 11. O-O O-O 12. Rad1 Qe7 13. Nd2 e5 14. d5 f5
15. e4 Nc5 16. Qc2 Bc8 17. Bf3 f4 18. Kh1 Bd7 19. Nb3 Nb7 20. Qe2 a5 21. Rg1
Rf6 22. g3 Raf8 23. g4 Rg6 24. Rg2 Qh4 25. Rdg1 Nd8 26. h3 Nf7 27. Rh2 Ng5 28.
Nd2 Rgf6 29. Qf1 Be8 30. Qg2 Bg6 31. Re1 R6f7 32. Bd1 f3 33. Qf1 Rf4 34. Bc2 h5
35. gxh5 Bxe4 36. Nxe4 Nxe4 37. Qd3 Nf6 38. h6 Qxh6 39. Rg1 e4 40. Qe3 Re8 41.
h4 Re5 42. Rg5 Rxh4 43. Rxh4 Qxh4+ 44. Kg1 Qxg5+ 0-1

[Event "14. Lichtenberger Sommer"]
[Site "14. Lichtenberger Sommer"]
[Date "2015.08.15"]
[Round "1.67"]
[White "Richter, Götz"]
[Black "Hüls, Maximilian"]
[Result "1-0"]
[WhiteElo "2088"]
[BlackElo "1552"]
[PlyCount "53"]
[EventDate "2015.??.??"]
[WhiteTeam "Klub Kölner SF"]
[BlackTeam "SV Mattnetz Berlin"]

1. e4 e6 2. d4 d5 3. Nc3 dxe4 4. Nxe4 Bd7 5. Nf3 Bc6 6. Bd3 Nd7 7. O-O Bxe4 8.
Bxe4 c6 9. c4 Ngf6 10. Bc2 Bd6 11. b3 O-O 12. Bb2 Qa5 13. Re1 Ba3 14. Bxa3 Qxa3
15. Qd2 Qd6 16. Rad1 Rad8 17. a4 Qc7 18. Qg5 c5 19. Rd2 cxd4 20. Nxd4 Nc5 21.
Nb5 Qb6 22. b4 h6 23. Qe3 Rxd2 24. Qxd2 Rd8 25. bxc5 Rxd2 26. cxb6 Rxc2 27.
bxa7 1-0

[Event "14. Lichtenberger Sommer"]
[Site "14. Lichtenberger Sommer"]
[Date "2015.08.15"]
[Round "1.68"]
[White "Fischer, Maxi"]
[Black "Albrecht, Rainer"]
[Result "0-1"]
[WhiteElo "1665"]
[BlackElo "2072"]
[PlyCount "120"]
[EventDate "2015.??.??"]
[WhiteTeam "SV Empor Berlin e.V."]
[BlackTeam "SC Kreuzberg"]

1. e4 e6 2. d4 d5 3. exd5 exd5 4. Nf3 Nf6 5. Be3 Bg4 6. Be2 Bd6 7. O-O O-O 8.
Re1 Re8 9. Nbd2 Nbd7 10. Bd3 c6 11. c3 Qc7 12. Qc2 Bh5 13. Re2 Bg6 14. Bxg6
hxg6 15. h3 Re7 16. Rae1 Rae8 17. Nf1 Nf8 18. Bc1 Ne4 19. Ng5 Nxg5 20. Bxg5
Rxe2 21. Rxe2 Rxe2 22. Qxe2 Ne6 23. Bc1 Kf8 24. Ne3 Nf4 25. Qc2 Qa5 26. b3 Qb5
27. c4 dxc4 28. Nxc4 Bc7 29. Qe4 Qd5 30. Ba3+ Kg8 31. Qxd5 Nxd5 32. Bc5 b6 33.
Bd6 Bxd6 34. Nxd6 Kf8 35. Kf1 Ke7 36. Ne4 Nb4 37. Nc3 Nc2 38. d5 c5 39. Ke2 Kd6
40. Kd3 Nd4 41. f3 a6 42. Ke4 b5 43. g4 b4 44. Na4 Nb5 45. g5 f5+ 46. gxf6 gxf6
47. h4 a5 48. f4 f5+ 49. Kd3 Nc7 50. Nb6 Nxd5 51. Nc4+ Ke6 52. Nxa5 Nxf4+ 53.
Kd2 Kd5 54. Nc4 Ng2 55. h5 gxh5 56. Ke2 Nf4+ 57. Kf3 Ne6 58. Ne3+ Ke5 59. Ng2
Kd4 60. Ne3 f4 0-1

[Event "14. Lichtenberger Sommer"]
[Site "14. Lichtenberger Sommer"]
[Date "2015.08.15"]
[Round "1.69"]
[White "Sabrowski, Uwe"]
[Black "Mueller, Jörg René"]
[Result "1-0"]
[WhiteElo "2082"]
[BlackElo "1489"]
[PlyCount "69"]
[EventDate "2015.??.??"]
[WhiteTeam "SC Friesen Lichtenberg"]
[BlackTeam "SC Zugzwang 95 (Berlin)"]

1. d4 c5 2. d5 d6 3. c4 g6 4. e4 Bg7 5. Nf3 h6 6. Nc3 a6 7. h3 Nd7 8. Bf4 Qc7
9. Qd2 Ngf6 10. Bd3 e5 11. dxe6 Ne5 12. exf7+ Kxf7 13. Nxe5+ dxe5 14. Be3 Be6
15. O-O Rad8 16. Nd5 Bxd5 17. cxd5 b5 18. Rac1 c4 19. b3 Qb8 20. bxc4 bxc4 21.
Rxc4 Rc8 22. Ra4 h5 23. Rxa6 Kg8 24. Bg5 Nh7 25. Rxg6 Kf7 26. Ra6 Rhf8 27. Be3
Rc7 28. d6 Rd7 29. Bc4+ Kg6 30. Be6 Nf6 31. Bf5+ Kf7 32. Bxd7 Nxd7 33. Ra7 Ke8
34. Qd5 Bf6 35. Qe6+ 1-0

[Event "14. Lichtenberger Sommer"]
[Site "14. Lichtenberger Sommer"]
[Date "2015.08.15"]
[Round "1.70"]
[White "Sia, Davin"]
[Black "Badestein, Hartmut"]
[Result "0-1"]
[WhiteElo "1511"]
[BlackElo "2055"]
[PlyCount "60"]
[EventDate "2015.??.??"]
[WhiteTeam "Lasker Steglitz-Wilmersdorf"]
[BlackTeam "SC Friesen Lichtenberg"]

1. e4 c6 2. d4 d5 3. exd5 cxd5 4. Nf3 Nc6 5. Bf4 Nf6 6. c3 g6 7. Bd3 Bf5 8.
Bxf5 gxf5 9. Qd3 e6 10. Qb5 Qd7 11. Nbd2 Be7 12. O-O Nh5 13. Bh6 Rg8 14. Nb3 f4
15. Nc5 Bxc5 16. Qxc5 Qe7 17. Qb5 O-O-O 18. c4 Rg6 19. Ne5 Nxe5 20. dxe5 Rxh6
21. Rfc1 Kb8 22. Rc3 d4 23. Rb3 d3 24. c5 d2 25. Rd1 Rg6 26. Qa6 Qc7 27. c6 b6
28. Qb5 Rg5 29. a4 Rxe5 30. Qa6 Re1+ 0-1

[Event "14. Lichtenberger Sommer"]
[Site "14. Lichtenberger Sommer"]
[Date "2015.08.15"]
[Round "1.71"]
[White "Kapr, Klaus"]
[Black "Wölfert, Jürgen"]
[Result "1/2-1/2"]
[WhiteElo "2035"]
[BlackElo "1776"]
[PlyCount "61"]
[EventDate "2015.??.??"]
[WhiteTeam "SC Friesen Lichtenberg"]
[BlackTeam "BSC Rehberge 1945 e.V."]

1. e4 e6 2. d4 d5 3. Nc3 Bb4 4. Bd2 Nf6 5. e5 Bxc3 6. bxc3 Ne4 7. Bd3 c5 8.
Bxe4 dxe4 9. Qg4 O-O 10. Bh6 g6 11. Bxf8 Qxf8 12. Ne2 Bd7 13. O-O f5 14. exf6
Qxf6 15. Ng3 cxd4 16. cxd4 e5 17. Nxe4 Qf4 18. Qe2 Nc6 19. g3 Qf7 20. d5 Nd4
21. Qd3 Bh3 22. f4 Kg7 23. fxe5 Qxd5 24. c3 Qb5 25. Rf7+ Kg8 26. Qxd4 Qb2 27.
Rg7+ Kxg7 28. e6+ Kh6 29. Qe3+ Kg7 30. Qd4+ Kh6 31. Qe3+ 1/2-1/2

[Event "14. Lichtenberger Sommer"]
[Site "14. Lichtenberger Sommer"]
[Date "2015.08.15"]
[Round "1.72"]
[White "Schreiber, Wilfried"]
[Black "Ouadi, Wahbi"]
[Result "0-1"]
[WhiteElo "1481"]
[BlackElo "1962"]
[PlyCount "50"]
[EventDate "2015.??.??"]
[WhiteTeam "SC Rochade (Berlin)"]
[BlackTeam "La Diagonale - Eybens"]

1. e4 d5 2. exd5 Qxd5 3. Nc3 Qa5 4. d4 Nf6 5. Nf3 Bg4 6. Be2 Nc6 7. O-O e6 8.
a3 O-O-O 9. b4 Bxb4 10. Na2 Bd6 11. h3 Bxf3 12. Bxf3 Nxd4 13. Be3 Nxf3+ 14.
Qxf3 Qe5 15. g3 Qd5 16. Qxd5 Nxd5 17. Nc1 Nf6 18. c4 Be5 19. Rb1 Bd4 20. Rb3
Bxe3 21. Rxe3 Rd4 22. Rc3 Ne4 23. Rc2 Rhd8 24. Re1 Nd2 25. Kg2 Rxc4 0-1

[Event "14. Lichtenberger Sommer"]
[Site "14. Lichtenberger Sommer"]
[Date "2015.08.15"]
[Round "1.73"]
[White "Püschel, Werner"]
[Black "Baumgaertner, Andre"]
[Result "1-0"]
[WhiteElo "2049"]
[BlackElo "1783"]
[PlyCount "67"]
[EventDate "2015.??.??"]
[WhiteTeam "Lasker Steglitz-Wilmersdorf"]
[BlackTeam "SC Friesen Lichtenberg"]

1. e4 e5 2. Nf3 Nf6 3. d3 Nc6 4. c3 d6 5. Be2 Be7 6. h3 h6 7. Qc2 O-O 8. b4 a6
9. O-O b5 10. Bb2 Nh7 11. Nbd2 f5 12. a3 Be6 13. c4 Na7 14. cxb5 axb5 15. d4
fxe4 16. Nxe4 d5 17. Ng3 e4 18. Ne5 Bd6 19. Rac1 Bxe5 20. dxe5 c6 21. Bd4 Bd7
22. Qb3 Ng5 23. Qe3 Nc8 24. Bc5 Ne7 25. f4 exf3 26. Bxf3 Ne6 27. Bd6 Nf5 28.
Nxf5 Rxf5 29. Bg4 Qg5 30. Qc3 Rf4 31. Qg3 Rc4 32. Rce1 Nf4 33. e6 Bxe6 34. Bxf4
1-0

[Event "14. Lichtenberger Sommer"]
[Site "14. Lichtenberger Sommer"]
[Date "2015.08.15"]
[Round "1.74"]
[White "Nam, Seung-Zin"]
[Black "Kornrumpf, Joachim"]
[Result "0-1"]
[WhiteElo "1608"]
[BlackElo "2046"]
[PlyCount "80"]
[EventDate "2015.??.??"]
[WhiteTeam "SK Bebenhausen"]
[BlackTeam "Preetzer TSV"]

1. d4 Nf6 2. e3 e6 3. Bd3 c5 4. c3 b6 5. Qe2 Bb7 6. f4 d6 7. Nf3 Be7 8. Nbd2
Nbd7 9. Ng5 h6 10. Nxe6 fxe6 11. Bg6+ Kf8 12. e4 cxd4 13. cxd4 d5 14. e5 Ne4
15. Qg4 Bb4 16. Qxe6 Qe7 17. Qf5+ Kg8 18. a3 Bxd2+ 19. Bxd2 Nxd2 20. Kxd2 Nf8
21. Bh5 Bc8 22. Qd3 Ne6 23. g3 a5 24. Bf3 Ba6 25. Qe3 Rd8 26. Rhc1 Bb7 27. Rc3
Kf7 28. f5 Ng5 29. e6+ Kg8 30. Bg2 Kh7 31. Rac1 Qf6 32. g4 Ne4+ 33. Bxe4 dxe4
34. Rc7 Rxd4+ 35. Ke1 Bd5 36. Qh3 Qg5 37. R1c2 Rd3 38. Qg2 Bb3 39. Re2 Rd1+ 40.
Kf2 Qf4+ 0-1

[Event "14. Lichtenberger Sommer"]
[Site "14. Lichtenberger Sommer"]
[Date "2015.08.15"]
[Round "1.75"]
[White "Kutschke, Jens"]
[Black "Bauer, Stefan"]
[Result "1-0"]
[WhiteElo "1975"]
[BlackElo "1633"]
[PlyCount "89"]
[EventDate "2015.??.??"]
[WhiteTeam "SF 1903 Berlin"]
[BlackTeam "SC Kreuzberg"]

1. e4 c5 2. Nf3 e6 3. d4 cxd4 4. Nxd4 a6 5. Be3 b5 6. Bd3 Bb7 7. O-O Nf6 8. Nd2
Be7 9. f4 h5 10. Kh1 Nc6 11. Qe2 Rc8 12. c3 Ng4 13. Bg1 Bc5 14. Nxe6 dxe6 15.
Bxc5 Ne7 16. b4 g6 17. h3 Nh6 18. Nf3 O-O 19. Rad1 Qe8 20. Nh4 Kh7 21. f5 exf5
22. exf5 Nexf5 23. Qf2 Nxh4 24. Qxh4 Qc6 25. Qf2 Rg8 26. Be2 Qe6 27. Kg1 Rge8
28. Bd3 f5 29. Bc2 Rcd8 30. Rxd8 Rxd8 31. Re1 Be4 32. Qf4 Qxa2 33. Bxe4 fxe4
34. Rxe4 Rd1+ 35. Kh2 Rd7 36. Re8 Qf7 37. Qb8 Ng8 38. Bd4 g5 39. Rf8 Qc4 40.
Qe8 Rxd4 41. cxd4 Qc7+ 42. Kg1 Qc1+ 43. Rf1 Qc4 44. Rf7+ Kh6 45. Qf8+ 1-0

[Event "14. Lichtenberger Sommer"]
[Site "14. Lichtenberger Sommer"]
[Date "2015.08.15"]
[Round "1.76"]
[White "Fiedler, Ronald"]
[Black "Hörmann, David"]
[Result "1/2-1/2"]
[WhiteElo "1692"]
[BlackElo "2055"]
[PlyCount "82"]
[EventDate "2015.??.??"]
[WhiteTeam "Läufer Reinickendorf"]
[BlackTeam "SC Weisse Dame (Berlin)"]

1. d4 d5 2. c4 c6 3. cxd5 cxd5 4. Nc3 Nc6 5. e3 Nf6 6. Bd3 e6 7. Nf3 Be7 8. O-O
O-O 9. a3 a6 10. b4 b5 11. Nd2 e5 12. Nb3 e4 13. Be2 Bd6 14. f4 exf3 15. Bxf3
Re8 16. Nxd5 Nxd5 17. Bxd5 Bxh2+ 18. Kxh2 Qxd5 19. Qf3 Qxf3 20. Rxf3 Be6 21.
Nc5 Bd5 22. Rf4 Bc4 23. Bd2 a5 24. bxa5 Nxa5 25. Bxa5 Rxa5 26. Re4 Rxe4 27.
Nxe4 f5 28. Nd6 Be6 29. Rb1 Bd7 30. Rb3 Kf8 31. Nb7 Ra7 32. Nc5 Bc6 33. Rc3 Bd5
34. Nd3 Be4 35. Nc5 Bd5 36. Nd3 Be6 37. Kg3 Ke7 38. Nb4 Kf7 39. Nc6 Ra8 40. Nb4
Bc4 41. Nc6 Ke6 1/2-1/2

[Event "14. Lichtenberger Sommer"]
[Site "14. Lichtenberger Sommer"]
[Date "2015.08.15"]
[Round "1.77"]
[White "Heerde, Thomas"]
[Black "Winkler, Johannes"]
[Result "1-0"]
[WhiteElo "1967"]
[BlackElo "1540"]
[PlyCount "79"]
[EventDate "2015.??.??"]
[WhiteTeam "SC Weisse Dame (Berlin)"]
[BlackTeam "SF 1903 Berlin"]

1. Nf3 d5 2. g3 Nf6 3. Bg2 c5 4. O-O Nc6 5. d3 Bf5 6. Nbd2 e5 7. c4 d4 8. b4
cxb4 9. a3 Bd6 10. axb4 Nxb4 11. Ba3 Qe7 12. Nxe5 Qxe5 13. Bxb4 Bxb4 14. Qa4+
Bd7 15. Qxb4 a5 16. Qa3 Bc6 17. Bxc6+ bxc6 18. Nf3 Qc7 19. Nxd4 c5 20. Qa4+ Qd7
21. Nb3 O-O 22. Qxd7 Nxd7 23. Rxa5 Rfb8 24. Rxa8 Rxa8 25. Ra1 Rb8 26. Ra7 Kf8
27. Rxd7 Rxb3 28. Rc7 Rb2 29. Kf1 Rb1+ 30. Kg2 Rb2 31. Kf3 Rb6 32. Rxc5 Rf6+
33. Ke3 Re6+ 34. Kd2 Ke7 35. Rc7+ Kf6 36. e4 Ra6 37. h3 Ke6 38. Ke3 Ra1 39. Rb7
Ra5 40. f4 1-0

[Event "14. Lichtenberger Sommer"]
[Site "14. Lichtenberger Sommer"]
[Date "2015.08.15"]
[Round "1.78"]
[White "Tschirschwitz, Stephan"]
[Black "Steinert, Christian"]
[Result "0-1"]
[WhiteElo "1551"]
[BlackElo "1971"]
[PlyCount "52"]
[EventDate "2015.??.??"]
[WhiteTeam "Lasker Steglitz-Wilmersdorf"]
[BlackTeam "SV Empor Berlin"]

1. c4 e5 2. Nc3 Bb4 3. Qc2 Nf6 4. e3 O-O 5. a3 Bxc3 6. bxc3 d6 7. g3 e4 8. Bg2
Bf5 9. Ne2 Nbd7 10. Nf4 g5 11. Nd5 Nc5 12. Nxf6+ Qxf6 13. O-O g4 14. a4 Rae8
15. Ba3 Nd3 16. Qb3 b6 17. Qc2 Ne5 18. Rfb1 Nf3+ 19. Bxf3 gxf3 20. Qd1 Bh3 21.
Rb5 c5 22. a5 Re5 23. axb6 axb6 24. Rxb6 Rh5 25. d4 Bg2 26. Bxc5 Rxh2 0-1